Quizzes
Events
Quiz Creation
Community
Videos
Private Events
Remove Ads
Sign In
Join for FREE
Feedback
Dark Mode
Quiz Categories
Sports
Geography
Music
Movies
Television
Just For Fun
Miscellaneous
History
Literature
Language
Science
Gaming
Entertainment
Religion
Holiday
For Kids
Quiz Lab
Recent
Popular Today
Quiz Kudos Today
Editor Picks
Curator Picks
Quizzes by...
Day
Popularity
Type
Ratings
Length
Year
Community
Subscriptions
Recent Discussions
Orange Saloon
Badges
Playlists
Quests
Create
Leaderboards
Showdown
Live 5
Trivia Bingo
Activity
Puzzle Library
Sporcle Events
Private Events
Virtual Trivia
Globe League
Become a Host
Pub Owners
SporcleCon
Opinionation
Our Games
Videos
Blog
Mobile Apps
Partnerships
Remove Ads and Go Orange
Feedback
Entertainment
Celebrity
Famous
Musical
Broadway
Show
Quote
Comic Books
Anime
Superhero
DC Comics
Marvel
Cartoons
Animation
Entertainment
Celebrity
Famous
Musical
Broadway
Show
Quote
Comic Books
Anime
Superhero
DC Comics
Marvel
Cartoons
Animation
Random Quiz
Search Sporcle
×
Quiz Lab
Quiz Lab
Entertainment
Musical
Type in answers that appear in a list
Type in answers that appear in a list
Classic
Best Score? Go Orange.
Musical names by antonym Stats
Can you name the musical names by antonym?
By
awkwardturtle45
6m
21 Questions
232 Plays
232 Plays
232 Plays
Comments
Comments
Give Quiz Kudos
Give Quiz Kudos
-
- Ratings
hide this ad
Replay
Link that replays current quiz
Next Quiz
Link to next quiz in quiz playlist
You Got
0%
They Got
Avg Score
66%
Avg Friend Score
Upgrade to see
Score Distribution
Jump to the score distribution portion of the page
Score
0/21
Timer
06:00
0
Plays Today
Antonym
Musical Name
% Correct
Dogs
Cats
93.5%
Illegally Brunette
Legally Blonde
91.4%
Nightmareboys
Dreamgirls
87.9%
North Atlantic
South Pacific
87.9%
The Tiger Queen
The Lion King
86.6%
Autumn Sleeping
Spring Awakening
74.6%
Own
Rent
73.7%
Hello Hello Cat
Bye Bye Birdie
72%
Chinese Genius
American Idiot
70.7%
California Girls
Jersey Boys
67.7%
Your Ugly Man
My Fair Lady
67.7%
Antonym
Musical Name
% Correct
The Consumers
The Producers
66.8%
Detroit
Chicago
65.5%
Feet
Hair
60.3%
Old Dracula
Young Frankenstein
57.8%
Pianist in the Basement
Fiddler on the Roof
56%
Pontius Pilate Nobody
Jesus Christ Superstar
53.4%
Nice
Wicked
49.6%
1/
9
9
47.8%
Fecescity
Urinetown
34.5%
A Lead Circle
A Chorus Line
29.7%
Quiz Playlist
Details
Report
Send in Message
Add To Playlist
Classic:
Type in answers that appear in a list
Last Updated: Feb 16, 2017
Quiz Scoreboard
CHALLENGE
Sign Up to Join the Scoreboard
Show All
Scores
Hide
Comments
May contain spoilers
Recently Published
Presidents Visiting Landmarks
by Hejman
History
7m
An Introduction to Baseball
by treessimontrees
Sports
5m
Movies - When Are They Set?
by FPL_Elf
Movies
5m
More to Explore
Quiz From the Vault
Featured Blog Post
Where Did the Easter Bunny Come From?
hide this ad
You Might Also Like...
Tags
Musical Quiz
Antonym
Today's Top Quizzes in Entertainment
Browse Entertainment
hide this ad
Today's Top Quizzes in Musical
Browse Musical
Top Contributed Quizzes in Entertainment
1
7-to-1: DC Comics Villains
2
Marvel Characters Bunker
3
Eurovision 2023 Logic Puzzle
4
Kamen Rider Motifs
5
Dragon Ball Z: Goku's Fights in Order
6
Criteria Quickie: Cartoon Taxonomy II
7
Sorting Pictures: Villains
8
Fictional Villains Letter U Blitz
9
Dragon Ball Z: Mega Character Search
10
Mini Trivia Sudoku: Musicals
Explore More
Trending Topics
Marvel
Kpop
Crossword
NBA
Anime
Harry Potter
Disney
Soccer
Country
NFL
The Office
Pokémon
Song
Puzzle
WWE
hide this ad
More By:
awkwardturtle45
Quiz
Plays
Rating
Category
Featured
Created
Musical names by antonym
232
2.00
Entertainment
Jun 2, 2010
Go to Creator's Profile
Score Distribution
Quiz Creator Spotlight
awkwardturtle45
Follow
Send a Message
Quizzes Created
-
Created Quiz Play Count
-
More By This Creator
Popular Quizzes Today
1
Find the US States - No Outlines Minefield
2
Find the Countries of Europe - No Outlines Minefield
3
The Countries of the World
4
Find the US States
5
Popular People in 1961
6
US States
7
Risky Map Clicking: Biggest States A-Z
8
Movies - When Are They Set?
More Entertainment Quizzes
Hidden Looney Tunes Character
Published
Trending Quizzes
Risky Map Clicking: Least Populous States A-Z
1-10 Letter G Words
1-10 Letter F Words
Risky Map Clicking: Next State Alphabetically
Risky Map Clicking: Biggest States A-Z
Recently Updated
Leaping Animals
pecheneg
Reality TV Shows (A-Z)
bhenderson79
Rickey Henderson's Hall of Fame Teammates
pecheneg
Champions League XIs: Arsenal
pecheneg
Quick Pick: Celebrities in WWE's Hall of Fame
aduchscher
A-Z Keypad Blitz II
pecheneg
Multiple Oscar Actors
pecheneg
Mystery Phrase Blitz: Oscar 'Best Actors'
pecheneg
F. Scott Fitzgerald Novels
LTH
Pick 3 Villains
ddd62291
Trending Topics
Marvel
Crossword
Anime
NBA
Harry Potter
Kpop
Disney
The Office
WWE
Soccer
Pokémon
Country
Puzzle
Song
NFL
Your Account Isn't Verified!
In order to create a playlist on Sporcle, you need to verify the email address you used during registration. Go to your
Sporcle Settings
to finish the process.
Report this User
Report this user for behavior that violates our
Community Guidelines
.
Details:
Send Report
Go to the Sporcle.com Mobile Site →
Comments